De los primeros consejos que dió Don Quijote a Sancho antes que fuese a gobernar la Insula : (Don Quijote, II, 42) / Cervantes ; [prólogo: Juan Sedó Peris-Mencheta] ; [notas: Juan Givanel Mas] (Don Quijote, II, 42) / Cervantes ; [prólogo:
Descripción Física:
XV, 59 p. ; 25 cm
MARC
| LEADER | 00000nam a2200000Ia 4500 | ||
|---|---|---|---|
| 001 | 13877 | ||
| 008 | 160829s1941 xx 000 0 cat d | ||
| 080 | |a L-1-381 | ||
| 100 | 1 | |a Cervantes Saavedra, Miguel de, |9 54910 |e autor |d 1547-1616 | |
| 245 | |a De los primeros consejos que dió Don Quijote a Sancho antes que fuese a gobernar la Insula : |b (Don Quijote, II, 42) / Cervantes ; [prólogo: |b Juan Sedó Peris-Mencheta] ; [notas: |b Juan Givanel Mas] | ||
| 260 | |a Barcelona : |b Imprenta - Escuela de la Casa Provincial de Caridad, |c 1941 | ||
| 300 | |a XV, 59 p. ; |c 25 cm | ||
| 490 | |a Publicaciones Cervantinas / patrocinadas por Juan Sedó Peris-Mencheta ; 1 | ||
| 590 | |a Fragment del text original facsímil de la primera edició del Quixot, Madrid, 1615: fols. 159, v. 161. | ||
| 590 | |a Traduccions en diferents idiomes del fragment original. | ||
| 590 | |a Notes, referències bibliogràfiques | ||
| 700 | 1 | |a Givanel Mas, J. |q (Joan), |d 1868-1946 |e editor literari |9 24868 | |
| 700 | 1 | |a Sedó i Peris-Mencheta, Joan, |d 1908-1966 |e autor del pròleg |9 23966 | |
| 901 | |a Arxiu | ||
| 942 | |n 1 |2 udc | ||
| 952 | |0 0 |1 0 |4 0 |6 L1381 |7 1 |9 45333 |a Arxiu |b Arxiu |d 2016-12-01 |l 0 |o L-1-381 |p 13877 |r 2016-12-01 00:00:00 |w 2016-12-01 |y ARXIU | ||
| 999 | |c 48407 |d 48407 | ||